000 00874nam a2200265 i 4500
001 bg
100 1 _aANTKIEWICZ, Sławomir
245 1 0 _aAkcje i obligacje w finansowaniu przedsiębiorstw /
_cSławomir Antkiewicz.
260 _aWarszawa :
_b"Zarządzanie i Finanse",
_c2002.
300 _a192 s. :
_bwykr. ;
_c24 cm.
490 1 _aBiblioteka Menedżera i Bankowca
504 _aBibliogr.
650 9 _aPrzedsiębiorstwo
_xfinanse
650 9 _aPapiery wartościowe
_xwycena
650 9 _aRynek kapitałowy
_xzagadnienia
_zPolska
_yod 1989 r.
830 _aBiblioteka Menedżera i Bankowca
020 _a8385776591
040 _cBPK
041 0 _apl
080 _a658.14/.17:336.763](438)
920 _a83-85776-59-1
942 _cKS
008 s pl f |000 0 pol
999 _c41047
_d41047
856 _uhttp://koha.tu.koszalin.pl/cgi-bin/koha/opac-detail.pl?biblionumber=41047
_yKatalog online BPK